[Event "División  Honor Aragonesa 2018 "]
[Site "Aragon"]
[Date "2018.03.10"]
[Round "7.9"]
[White "Del Rey, Diego"]
[Black "Garza Marco, Sergio"]
[Result "1/2-1/2"]
[WhiteElo "2323"]
[BlackElo "2418"]
[PlyCount "38"]
[EventDate "2018.??.??"]
[EventType "tourn"]
[EventRounds "10"]
[EventCountry "ESP"]
[WhiteTeam "El Olivar"]
[BlackTeam "Helios"]

1. e4 Nf6 2. e5 Nd5 3. Nf3 d6 4. d4 dxe5 5. Nxe5 c6 6. c3 Nd7 7. Nxd7 Bxd7 8.
Bd3 g6 9. O-O Bg7 10. Nd2 O-O 11. Nf3 Bg4 12. h3 Bxf3 13. Qxf3 e6 14. Bd2 a5
15. a4 Qb6 16. Rab1 Rfe8 17. Bc4 Qc7 18. Rfe1 Qd7 19. Re2 b5 1/2-1/2

[Event "División  Honor Aragonesa 2018 "]
[Site "Aragon"]
[Date "2018.03.10"]
[Round "7.10"]
[White "Guzman Moneo, Alberto"]
[Black "Villuendas Valero, Adrian"]
[Result "1-0"]
[WhiteElo "2239"]
[BlackElo "2291"]
[PlyCount "118"]
[EventDate "2018.??.??"]
[EventType "tourn"]
[EventRounds "10"]
[EventCountry "ESP"]
[WhiteTeam "Helios"]
[BlackTeam "El Olivar"]

1. e4 e6 2. d4 d5 3. Bd3 dxe4 4. Bxe4 Nf6 5. Bf3 c5 6. Ne2 Nbd7 7. Be3 cxd4 8.
Nxd4 Ne5 9. Nc3 a6 10. Qe2 Nxf3+ 11. Qxf3 Qc7 12. O-O-O Bd7 13. Bf4 Qb6 14. Be5
Bc6 15. Nxc6 Qxc6 16. Qxc6+ bxc6 17. Rhe1 Nd5 18. Ne4 f6 19. Bd6 Bxd6 20. Nxd6+
Kd7 21. Nb7 Kc7 22. Nc5 e5 23. c4 Nb6 24. Ne6+ Kb7 25. b3 Rhe8 26. Rd6 Re7 27.
Red1 a5 28. Nd8+ Rxd8 29. Rxd8 Kc7 30. R8d2 Nd7 31. f3 Nc5 32. Kb2 Re8 33. Re1
Rb8 34. Kc3 Ne6 35. g3 Nc5 36. Re3 Re8 37. a3 Rb8 38. Kc2 h6 39. h4 h5 40. Rd1
g6 41. Rd2 Rb7 42. Rg2 Kd6 43. g4 hxg4 44. Rxg4 Rg7 45. f4 exf4 46. Rxf4 f5 47.
Rd4+ Kc7 48. b4 axb4 49. axb4 Ne4 50. Ra3 Kb7 51. Ra1 Rh7 52. Rg1 Rxh4 53. Rxg6
Rh7 54. Rd8 Rh2+ 55. Kd1 Rb2 56. Rd7+ Kc8 57. Ra7 Rd2+ 58. Ke1 Kb8 59. Re7 Kc8
1-0

[Event "División  Honor Aragonesa 2018 "]
[Site "Aragon"]
[Date "2018.03.10"]
[Round "7.11"]
[White "Palacios Latasa, Elias"]
[Black "Calvo Simon, Jorge"]
[Result "1-0"]
[WhiteElo "2210"]
[BlackElo "2223"]
[PlyCount "69"]
[EventDate "2018.??.??"]
[EventType "tourn"]
[EventRounds "10"]
[EventCountry "ESP"]
[WhiteTeam "El Olivar"]
[BlackTeam "Helios"]

1. e4 c5 2. Nf3 g6 3. c3 Bg7 4. d4 cxd4 5. cxd4 d5 6. e5 a6 7. Qb3 Nc6 8. Nc3
e6 9. Bd3 f6 10. O-O fxe5 11. dxe5 Nge7 12. Bf4 O-O 13. Bg3 Nf5 14. Rfe1 b5 15.
Rad1 Nxg3 16. hxg3 Bb7 17. Bb1 Qb6 18. Qc2 Rac8 19. Qd2 Rc7 20. Ne2 Rxf3 21.
gxf3 Nxe5 22. Kg2 Nc4 23. Qg5 Rf7 24. Nf4 Bf6 25. Qg4 Bc8 26. Nxd5 exd5 27.
Qxc8+ Kg7 28. Re8 Bxb2 29. Rg8+ Kf6 30. Rxd5 Ne5 31. Rf8 Kg7 32. Rxf7+ Nxf7 33.
Rd7 b4 34. Bd3 Kf6 35. Bc4 1-0

[Event "División  Honor Aragonesa 2018 "]
[Site "Aragon"]
[Date "2018.03.10"]
[Round "7.12"]
[White "Cerrajeria Ruiz, Jesus Maria"]
[Black "Hernando Garcia, Antonio"]
[Result "1-0"]
[WhiteElo "2142"]
[BlackElo "2158"]
[PlyCount "81"]
[EventDate "2018.??.??"]
[EventType "tourn"]
[EventRounds "10"]
[EventCountry "ESP"]
[WhiteTeam "Helios"]
[BlackTeam "El Olivar"]

1. e4 c6 2. d3 d5 3. Nd2 Nf6 4. e5 Ng4 5. Qe2 Nh6 6. Nb3 g6 7. Bg5 Nf5 8. g4
Ng7 9. Bh6 Ne6 10. Bxf8 Kxf8 11. d4 h5 12. gxh5 Rxh5 13. O-O-O a5 14. Qe3 a4
15. Nd2 Qb6 16. Be2 Rh8 17. Nb1 Ng7 18. Bd3 Nf5 19. Bxf5 Bxf5 20. Ne2 Na6 21.
a3 Rh3 22. f3 Nc7 23. Nf4 Rh8 24. h4 Ra5 25. h5 gxh5 26. Rxh5 Rxh5 27. Nxh5 Ne6
28. Nc3 Qa6 29. Ng3 Bg6 30. Qh6+ Ke8 31. f4 Be4 32. f5 Nf8 33. Ngxe4 dxe4 34.
Nxe4 Qe2 35. Nc3 Qf2 36. d5 Qxf5 37. dxc6 Qxe5 38. cxb7 Rc5 39. Qb6 Nd7 40.
Rxd7 Kxd7 41. b8=Q 1-0

[Event "División  Honor Aragonesa 2018 "]
[Site "Aragon"]
[Date "2018.03.10"]
[Round "7.13"]
[White "Romero Pallares, Daniel"]
[Black "Moreno Gracia, Daniel"]
[Result "1-0"]
[WhiteElo "2203"]
[BlackElo "2309"]
[PlyCount "65"]
[EventDate "2018.??.??"]
[EventType "tourn"]
[EventRounds "10"]
[EventCountry "ESP"]
[WhiteTeam "Palacio de Pioneros"]
[BlackTeam "Ibercaja"]

1. d4 Nf6 2. Nf3 b5 3. e4 Nxe4 4. Bxb5 e6 5. Qe2 Bb7 6. Nbd2 Nf6 7. O-O Be7 8.
c3 O-O 9. a4 c5 10. Re1 Nc6 11. dxc5 Bxc5 12. Nb3 Be7 13. a5 a6 14. Bd3 d6 15.
Nbd4 Nxd4 16. cxd4 Ne8 17. Bd2 Nc7 18. Rec1 Qd7 19. Ng5 h6 20. Rxc7 Qxc7 21.
Nxe6 fxe6 22. Qxe6+ Kh8 23. Qg6 Kg8 24. Qh7+ Kf7 25. Qg6+ Kg8 26. Bxh6 Bf6 27.
Qh7+ Kf7 28. Re1 Bxd4 29. Qg6+ Kg8 30. Qh7+ Kf7 31. Bg6+ Kf6 32. Bg5+ Kxg5 33.
Qh5+ 1-0

[Event "División  Honor Aragonesa 2018 "]
[Site "Aragon"]
[Date "2018.03.10"]
[Round "7.14"]
[White "Lopez Gracia, Fernando"]
[Black "Palacios Herrero, Pablo"]
[Result "1/2-1/2"]
[WhiteElo "2302"]
[BlackElo "2165"]
[PlyCount "128"]
[EventDate "2018.??.??"]
[EventType "tourn"]
[EventRounds "10"]
[EventCountry "ESP"]
[WhiteTeam "Ibercaja"]
[BlackTeam "Palacio de Pioneros"]

1. e4 e6 2. d4 d5 3. exd5 exd5 4. Nf3 Nf6 5. Bd3 Bd6 6. Qe2+ Qe7 7. Qxe7+ Kxe7
8. O-O Re8 9. Re1+ Kf8 10. Rxe8+ Kxe8 11. Nc3 c6 12. Bg5 Nbd7 13. Re1+ Kf8 14.
Ne5 h6 15. Bf4 Bb4 16. a3 Be7 17. h3 Nxe5 18. Bxe5 Bd7 19. g4 Re8 20. Kg2 Bc8
21. Nd1 Nd7 22. Bg3 Nb6 23. Ne3 Bf6 24. c3 Nc4 25. Re2 Nxe3+ 26. Rxe3 Rxe3 27.
fxe3 Be6 28. Kf3 h5 29. b3 hxg4+ 30. hxg4 Be7 31. a4 Ke8 32. c4 Bb4 33. Bb8 a6
34. g5 Ke7 35. c5 Be1 36. Bd6+ Kd7 37. Be5 g6 38. Bf6 Bf5 39. Bxf5+ gxf5 40.
Kf4 Ke6 41. Bd8 Bd2 42. Bc7 Be1 43. Kf3 Bh4 44. Bd8 Be1 45. Ke2 Bb4 46. Kf3 Be1
47. Kf4 Bd2 48. Bc7 Be1 49. Bb6 Bd2 50. Kf3 Be1 51. Bd8 Kd7 52. Bf6 Ke6 53. Be5
Bb4 54. Bf4 Ba5 55. Kg3 Be1+ 56. Kf3 Ba5 57. Kf2 Ke7 58. Kg3 Be1+ 59. Kf3 Ke6
60. Bg3 Ba5 61. Bf2 Bd8 62. Bh4 Ba5 63. Bg3 Bd8 64. Bf4 Ba5 1/2-1/2

[Event "División  Honor Aragonesa 2018 "]
[Site "Aragon"]
[Date "2018.03.10"]
[Round "7.15"]
[White "Dan, Teodor"]
[Black "Torcal Miguel, Oscar"]
[Result "1/2-1/2"]
[WhiteElo "2164"]
[BlackElo "2210"]
[PlyCount "76"]
[EventDate "2018.??.??"]
[EventType "tourn"]
[EventRounds "10"]
[EventCountry "ESP"]
[WhiteTeam "Palacio de Pioneros"]
[BlackTeam "Ibercaja"]

1. d4 Nf6 2. c4 c5 3. d5 b5 4. cxb5 a6 5. bxa6 Bxa6 6. Nc3 d6 7. Nf3 g6 8. g3
Bg7 9. Bg2 O-O 10. O-O Nbd7 11. Rb1 Ng4 12. Qc2 Nge5 13. Nxe5 Nxe5 14. b3 Qa5
15. Bd2 Rfb8 16. a4 Rb7 17. h3 Rab8 18. Na2 Qc7 19. Bc3 Nd7 20. Bxg7 Kxg7 21.
Rfe1 Qa5 22. Rec1 Kg8 23. f4 Nb6 24. e4 c4 25. b4 Qxa4 26. Nc3 Qxc2 27. Rxc2
Nd7 28. Ra2 Rb6 29. Bf1 Kg7 30. Kf2 Bc8 31. Ra4 R6b7 32. g4 g5 33. fxg5 Ne5 34.
b5 Bd7 35. Ra5 Kg6 36. h4 Nxg4+ 37. Kg3 Ne5 38. Bh3 Bxh3 1/2-1/2

[Event "División  Honor Aragonesa 2018 "]
[Site "Aragon"]
[Date "2018.03.10"]
[Round "7.16"]
[White "Sanchez Castro, Roberto"]
[Black "Baquedano Coarasa, Pablo"]
[Result "0-1"]
[WhiteElo "1989"]
[BlackElo "2156"]
[PlyCount "85"]
[EventDate "2018.??.??"]
[EventType "tourn"]
[EventRounds "10"]
[EventCountry "ESP"]
[WhiteTeam "Ibercaja"]
[BlackTeam "Palacio de Pioneros"]

1. d3 Nf6 2. e4 d6 3. Nf3 g6 4. c3 Bg7 5. g3 O-O 6. Bg2 c5 7. Nbd2 Nc6 8. O-O
Qc7 9. Qc2 b6 10. Ne1 Ba6 11. f4 Rad8 12. Ndf3 b5 13. a3 Qb6 14. Kh1 b4 15.
axb4 cxb4 16. Be3 Qxe3 17. Rxa6 Nb8 18. Ra4 bxc3 19. bxc3 Qc5 20. d4 Qc7 21.
Nd2 Rc8 22. c4 Nfd7 23. e5 Nb6 24. Ra3 Nc6 25. Nef3 dxe5 26. fxe5 Rcd8 27. Qb2
e6 28. c5 Nd5 29. Nc4 Rb8 30. Qd2 Qb7 31. Na5 Qb4 32. Nxc6 Qxa3 33. Nxb8 Rxb8
34. Ng5 Ne3 35. Qf2 Nxf1 36. Qxf7+ Kh8 37. Qxe6 Nxg3+ 38. hxg3 Qc1+ 39. Kh2
Qxg5 40. Bb7 Qd2+ 41. Kh3 Qxd4 42. Qd6 Qxe5 43. Qc6 0-1

[Event "División  Honor Aragonesa 2018 "]
[Site "Aragon"]
[Date "2018.03.10"]
[Round "7.17"]
[White "Colas Longares, Rafael P"]
[Black "Roche Simon, Manuel Angel"]
[Result "1/2-1/2"]
[WhiteElo "2324"]
[BlackElo "2210"]
[PlyCount "93"]
[EventDate "2018.??.??"]
[EventType "tourn"]
[EventRounds "10"]
[EventCountry "ESP"]
[WhiteTeam "Enroque S.M.A."]
[BlackTeam "Delicias"]

1. e4 e6 2. d3 d5 3. Nd2 c5 4. g3 Nc6 5. Bg2 Nf6 6. Ngf3 g6 7. O-O Bg7 8. exd5
Nxd5 9. Nb3 b6 10. c4 Nde7 11. d4 cxd4 12. Nfxd4 Bd7 13. Bg5 f6 14. Be3 Nxd4
15. Nxd4 Rc8 16. Qe2 O-O 17. Rfd1 Qc7 18. Rac1 Rfd8 19. c5 bxc5 20. Nb3 c4 21.
Nc5 Nf5 22. Nxd7 Rxd7 23. Rxd7 Qxd7 24. Bxa7 Kf7 25. Bb6 Qb5 26. Qd2 Bh6 27.
Be3 Nxe3 28. fxe3 Rc7 29. Bf1 Rd7 30. Qc3 Qc5 31. Re1 Rc7 32. Qd4 c3 33. bxc3
Qxc3 34. Qxc3 Rxc3 35. Kf2 f5 36. a4 Ra3 37. Bb5 e5 38. Re2 e4 39. h4 Kf6 40.
Bc6 g5 41. hxg5+ Bxg5 42. Bd7 Ke5 43. Be8 h6 44. Re1 Ra2+ 45. Re2 Ra3 46. Re1
Ra2+ 47. Re2 1/2-1/2

[Event "División  Honor Aragonesa 2018 "]
[Site "Aragon"]
[Date "2018.03.10"]
[Round "7.18"]
[White "Llanes Luno, Ricardo"]
[Black "Garcia Vicente, Nieves"]
[Result "1/2-1/2"]
[WhiteElo "2179"]
[BlackElo "2174"]
[PlyCount "75"]
[EventDate "2018.??.??"]
[EventType "tourn"]
[EventRounds "10"]
[EventCountry "ESP"]
[WhiteTeam "Delicias"]
[BlackTeam "Enroque S.M.A."]

1. e4 e5 2. Nf3 Nc6 3. c3 Nf6 4. d4 Nxe4 5. d5 Ne7 6. Nxe5 Ng6 7. Nxg6 hxg6 8.
Bd3 Nc5 9. O-O Qh4 10. Re1+ Be7 11. h3 O-O 12. Bc2 d6 13. Nd2 Bf6 14. Nf3 Qh5
15. Be3 Bf5 16. Bxf5 Qxf5 17. g4 Qd7 18. b4 Na4 19. Nd4 Nxc3 20. Qb3 Ne4 21.
Rac1 Rfe8 22. Qc2 Rac8 23. a4 a6 24. b5 a5 25. Nb3 b6 26. Nd2 Nxd2 27. Qxd2 Bh4
28. Kg2 Bd8 29. Qd3 f5 30. Rc4 Bg5 31. Re2 Bxe3 32. Rxe3 Rxe3 33. Qxe3 Qf7 34.
Qf3 Re8 35. g5 Re5 36. Rd4 Qe7 37. h4 Qf7 38. Kg3 1/2-1/2

[Event "División  Honor Aragonesa 2018 "]
[Site "Aragon"]
[Date "2018.03.10"]
[Round "7.19"]
[White "Guetas Sanchez, Hugo"]
[Black "Llanes Luno, Pedro Alfredo"]
[Result "1-0"]
[WhiteElo "2123"]
[BlackElo "2032"]
[PlyCount "71"]
[EventDate "2018.??.??"]
[EventType "tourn"]
[EventRounds "10"]
[EventCountry "ESP"]
[WhiteTeam "Enroque S.M.A."]
[BlackTeam "Delicias"]

1. e4 c5 2. Nc3 d6 3. g3 Nc6 4. Bg2 g6 5. d3 Bg7 6. Be3 e6 7. Qd2 Bd7 8. Nge2
Nd4 9. Nd1 h5 10. h4 Nh6 11. c3 Nxe2 12. Qxe2 Ng4 13. Bg5 Qa5 14. O-O f6 15.
Bd2 Qa6 16. f3 Ne5 17. Nf2 Nxd3 18. Qxd3 Qxd3 19. Nxd3 Bb5 20. Nf4 Bxf1 21.
Bxf1 Kf7 22. Bc4 Rhe8 23. a4 Bh8 24. a5 Re7 25. Kf2 Rb8 26. Ke2 b5 27. axb6
axb6 28. Nxe6 b5 29. Nd8+ Ke8 30. Nc6 bxc4 31. Nxb8 Rb7 32. Nc6 Kd7 33. Na5 Ra7
34. Ra3 f5 35. exf5 gxf5 36. Nxc4 1-0

[Event "División  Honor Aragonesa 2018 "]
[Site "Aragon"]
[Date "2018.03.10"]
[Round "7.22"]
[White "Garcia Fernandez, Javier"]
[Black "Eizaguerri Floris, Maria"]
[Result "1-0"]
[WhiteElo "2148"]
[BlackElo "2119"]
[PlyCount "89"]
[EventDate "2018.??.??"]
[EventType "tourn"]
[EventRounds "10"]
[EventCountry "ESP"]
[WhiteTeam "Teruel"]
[BlackTeam "Jaque"]

1. e4 c5 2. Nf3 e6 3. d4 cxd4 4. Nxd4 Nc6 5. Nc3 a6 6. g3 Qc7 7. Bg2 d6 8. O-O
Bd7 9. Nxc6 Bxc6 10. a4 b6 11. Re1 Be7 12. Qd3 Nf6 13. Ne2 O-O 14. Nd4 Bb7 15.
c4 Nd7 16. b3 Nc5 17. Qc2 Bf6 18. Bb2 Rac8 19. Rad1 Rfd8 20. f4 Nd7 21. Qf2 Qc5
22. Re2 Qb4 23. e5 Bxg2 24. exf6 Bb7 25. fxg7 Qc5 26. Qe3 Re8 27. Rf1 Nf6 28.
Nf3 Qxe3+ 29. Rxe3 Ne4 30. Bd4 Nc5 31. Rfe1 f5 32. Bxc5 dxc5 33. Ng5 h6 34.
Rxe6 Rxe6 35. Nxe6 Re8 36. Kf2 Be4 37. Rxe4 fxe4 38. f5 Rxe6 39. fxe6 Kxg7 40.
Ke3 Kf6 41. Kxe4 Kxe6 42. g4 Kf6 43. h4 Ke6 44. g5 hxg5 45. hxg5 1-0

[Event "División  Honor Aragonesa 2018 "]
[Site "Aragon"]
[Date "2018.03.10"]
[Round "7.23"]
[White "Gonzalez Gambau, Jorge"]
[Black "Martin Catalan, Juan Vicente"]
[Result "1/2-1/2"]
[WhiteElo "2104"]
[BlackElo "2055"]
[PlyCount "144"]
[EventDate "2018.??.??"]
[EventType "tourn"]
[EventRounds "10"]
[EventCountry "ESP"]
[WhiteTeam "Jaque"]
[BlackTeam "Teruel"]

1. e4 c5 2. Nc3 g6 3. g3 Bg7 4. Bg2 Nc6 5. d3 d6 6. Be3 Nf6 7. h3 O-O 8. Qd2
Rb8 9. Bh6 Nd4 10. Bxg7 Kxg7 11. Nce2 b5 12. c3 Nc6 13. f4 Bd7 14. Nf3 b4 15.
O-O bxc3 16. bxc3 Qa5 17. e5 Nd5 18. Ng5 Nc7 19. Nf3 Rb6 20. Rab1 Rfb8 21. Rxb6
Qxb6 22. g4 Qb2 23. Rd1 Nd5 24. exd6 exd6 25. Qxb2 Rxb2 26. Rd2 Rxd2 27. Nxd2
Nde7 28. Ne4 Nc8 29. g5 N6e7 30. N2g3 Nf5 31. Kf2 Nxg3 32. Kxg3 Bf5 33. Kf3
Bxe4+ 34. Kxe4 Ne7 35. d4 cxd4 36. Kxd4 Nf5+ 37. Kd3 f6 38. Be4 Ne7 39. Kc4
fxg5 40. fxg5 Kf7 41. Bd5+ Ke8 42. Be6 Kd8 43. Kb5 Kc7 44. Ka6 Kb8 45. c4 Ka8
46. Bf7 Kb8 47. Be6 Ka8 48. Bf7 Kb8 49. h4 Ka8 50. Be6 Kb8 51. Bf7 Nf5 52. h5
gxh5 53. Bxh5 Nh4 54. Bg4 Ng6 55. Bf5 Nf8 56. a3 Ka8 57. Kb5 Kb7 58. a4 Ng6 59.
c5 dxc5 60. Kxc5 Kc7 61. a5 Nf4 62. Kb5 Ng6 63. Be4 Nf8 64. Bf5 Ng6 65. Be4 Nf8
66. Bd5 Ng6 67. Bg8 Nf8 68. Ka6 Kb8 69. Bd5 Nd7 70. Bg8 Nc5+ 71. Kb5 Ne4 72.
Bxh7 Nxg5 1/2-1/2

[Event "División  Honor Aragonesa 2018 "]
[Site "Aragon"]
[Date "2018.03.10"]
[Round "7.24"]
[White "Arpa Pardos, Emilio"]
[Black "Ereza Vizcarra, Fernando"]
[Result "0-1"]
[WhiteElo "1932"]
[BlackElo "2054"]
[PlyCount "124"]
[EventDate "2018.??.??"]
[EventType "tourn"]
[EventRounds "10"]
[EventCountry "ESP"]
[WhiteTeam "Teruel"]
[BlackTeam "Jaque"]

1. e4 c5 2. Nf3 g6 3. d4 cxd4 4. Nxd4 Bg7 5. Be3 Nc6 6. Nc3 Nf6 7. Bc4 O-O 8.
Bb3 d6 9. f3 Bd7 10. Qd2 Nxd4 11. Bxd4 b5 12. O-O Bc6 13. Nd5 Bxd5 14. Bxd5
Nxd5 15. exd5 Bxd4+ 16. Qxd4 Qb6 17. Qxb6 axb6 18. Rfe1 Ra7 19. Re4 Rc8 20. c3
Rc5 21. Rd4 Ra4 22. Rxa4 bxa4 23. Re1 Kf8 24. Re4 Rxd5 25. Rb4 b5 26. Kf2 e5
27. Ke3 Ke7 28. c4 Rd4 29. Rxb5 Rxc4 30. Kd3 Rh4 31. h3 f5 32. Kc3 e4 33. fxe4
Rxe4 34. Rb4 Ke6 35. Rb7 Re2 36. Rxh7 Rxg2 37. Rh4 a3 38. bxa3 Rxa2 39. Kb3 Re2
40. a4 Re3+ 41. Kb2 Re4 42. Rh6 Rxa4 43. Rxg6+ Ke5 44. Rh6 d5 45. Kc3 d4+ 46.
Kd3 Ra3+ 47. Ke2 Re3+ 48. Kf2 Ke4 49. h4 Kf4 50. Rd6 Ke5 51. Rd8 f4 52. Re8+
Kf5 53. Rf8+ Kg4 54. Rd8 d3 55. Rg8+ Kxh4 56. Rh8+ Kg5 57. Rg8+ Kf5 58. Rf8+
Ke4 59. Re8+ Kd4 60. Rf8 d2 61. Rxf4+ Kd3 62. Rf8 Re2+ 0-1

[Event "División  Honor Aragonesa 2018 "]
[Site "Aragon"]
[Date "2018.03.10"]
[Round "7.25"]
[White "Gavin Roche, Enrique"]
[Black "Cebollada Pacheco, Jesus Raul"]
[Result "0-1"]
[WhiteElo "2231"]
[BlackElo "2042"]
[PlyCount "70"]
[EventDate "2018.??.??"]
[EventType "tourn"]
[EventRounds "10"]
[EventCountry "ESP"]
[WhiteTeam "ONCE C.A. Aragon"]
[BlackTeam "St. Casablanca B"]

1. d4 Nf6 2. c4 g6 3. Nc3 Bg7 4. e4 d6 5. Be2 O-O 6. Nf3 e5 7. d5 a5 8. Bg5 h6
9. Bh4 Na6 10. Nd2 Qe8 11. a3 Bd7 12. b3 Nh7 13. Qb1 h5 14. f3 Bh6 15. Nf1 f5
16. Bf2 Nf6 17. Ne3 fxe4 18. Nxe4 Nxe4 19. fxe4 Rxf2 20. Kxf2 Qf7+ 21. Bf3 Bg4
22. Re1 Rf8 23. Qd1 Bg5 24. Nf1 Bh4+ 25. Ng3 Qf4 26. Rb1 Nc5 27. Qe2 Nd7 28.
Rf1 Nf6 29. Kg1 Bxg3 30. hxg3 Qxg3 31. Rbe1 Kg7 32. Qe3 b6 33. Qg5 Nh7 34. Qe3
Bxf3 35. Re2 Ng5 0-1

[Event "División  Honor Aragonesa 2018 "]
[Site "Aragon"]
[Date "2018.03.10"]
[Round "7.26"]
[White "Arjol Lopez, Daniel"]
[Black "Laliena Solanes, Luis"]
[Result "1-0"]
[WhiteElo "2042"]
[BlackElo "2140"]
[PlyCount "121"]
[EventDate "2018.??.??"]
[EventType "tourn"]
[EventRounds "10"]
[EventCountry "ESP"]
[WhiteTeam "St. Casablanca B"]
[BlackTeam "ONCE C.A. Aragon"]

1. c4 e5 2. g3 Nf6 3. Bg2 c6 4. Nc3 d5 5. cxd5 cxd5 6. d4 exd4 7. Qxd4 Nc6 8.
Qa4 d4 9. Ne4 Bb4+ 10. Bd2 Bxd2+ 11. Nxd2 O-O 12. Ngf3 Re8 13. Nb3 Bg4 14. O-O
Rxe2 15. Nfxd4 Nxd4 16. Nxd4 Rxb2 17. Rab1 Qb6 18. Nb5 Rxb1 19. Rxb1 Bd7 20.
Qd4 h5 21. Qxb6 axb6 22. Nc3 Ra3 23. Nd5 Nxd5 24. Bxd5 b5 25. Re1 Kf8 26. h4
Bc6 27. Bb3 Ra8 28. f4 Rd8 29. Kf2 g6 30. Re5 Rd3 31. Re3 Rd2+ 32. Re2 Rd6 33.
Ke3 Rd8 34. Kf2 Rd7 35. Re5 Kg7 36. Ke3 Kf6 37. Ke2 Rd6 38. Ke3 Bd7 39. Rc5 Rb6
40. Kd4 Ra6 41. Rc7 Rd6+ 42. Kc5 Rc6+ 43. Rxc6+ bxc6 44. Kd6 Be8 45. Bc2 c5 46.
Kxc5 Bd7 47. Bd3 Be6 48. a3 Bc4 49. Bxc4 bxc4 50. Kxc4 Kf5 51. a4 Kg4 52. a5
Kxg3 53. a6 Kxh4 54. a7 Kg3 55. a8=Q h4 56. Qg8 Kxf4 57. Qxf7+ Kg3 58. Qxg6+
Kh2 59. Kd3 h3 60. Ke2 Kh1 61. Kf2 1-0

[Event "División  Honor Aragonesa 2018 "]
[Site "Aragon"]
[Date "2018.03.10"]
[Round "7.27"]
[White "Latorre Abad, Fernando"]
[Black "Jaques Burguete, Raul"]
[Result "1-0"]
[WhiteElo "2094"]
[BlackElo "2002"]
[PlyCount "103"]
[EventDate "2018.??.??"]
[EventType "tourn"]
[EventRounds "10"]
[EventCountry "ESP"]
[WhiteTeam "ONCE C.A. Aragon"]
[BlackTeam "St. Casablanca B"]

1. e4 Nc6 2. Nf3 d5 3. exd5 Qxd5 4. Nc3 Qa5 5. Bb5 Bd7 6. O-O a6 7. Bxc6 Bxc6
8. Re1 O-O-O 9. Ne5 Be8 10. b4 Qb6 11. Rb1 f6 12. Nc4 Qd4 13. Na5 b6 14. Qe2 e5
15. Qxa6+ Kd7 16. Re4 Qd6 17. Nb7 Qc6 18. Nxd8 Kxd8 19. Rc4 Qe6 20. Qa8+ Qc8
21. Qxc8+ Kxc8 22. Nd5 Bd6 23. Nxb6+ Kb7 24. Na4 Ne7 25. Nc5+ Kb8 26. Ne4 Bb5
27. Nxd6 cxd6 28. Rc3 Nd5 29. Rg3 g6 30. a4 Bxa4 31. c4 Nf4 32. Ra3 Bc6 33. f3
e4 34. b5 Bb7 35. Re3 f5 36. Ba3 Kc7 37. Rbe1 Ra8 38. fxe4 Bxe4 39. Rxe4 fxe4
40. Rxe4 Nd3 41. Bxd6+ Kxd6 42. Rd4+ Kc5 43. Rxd3 Kxc4 44. Rd7 Kxb5 45. Rxh7
Rf8 46. Rd7 Kc6 47. Rd3 Kc5 48. g3 Rf6 49. Kg2 Kc4 50. Rd8 Rf5 51. h4 Rf7 52.
Rd6 1-0

[Event "División  Honor Aragonesa 2018 "]
[Site "Aragon"]
[Date "2018.03.10"]
[Round "7.28"]
[White "Roque Sola, Gisela"]
[Black "Fuertes Garay, Javier"]
[Result "1-0"]
[WhiteElo "1978"]
[BlackElo "2040"]
[PlyCount "51"]
[EventDate "2018.??.??"]
[EventType "tourn"]
[EventRounds "10"]
[EventCountry "ESP"]
[WhiteTeam "St. Casablanca B"]
[BlackTeam "ONCE C.A. Aragon"]

1. c4 Nf6 2. Nc3 e6 3. e4 d5 4. cxd5 exd5 5. e5 d4 6. exf6 dxc3 7. Bb5+ c6 8.
Qe2+ Be6 9. Bc4 Qxf6 10. dxc3 Bd6 11. Nf3 O-O 12. Bxe6 fxe6 13. Bg5 Qf7 14.
O-O-O Bc7 15. Rhe1 h6 16. Bd2 e5 17. Nxe5 Bxe5 18. Qxe5 Qxa2 19. Qg3 Qf7 20.
Bxh6 Na6 21. Rd6 Kh7 22. Qd3+ Kh8 23. Ree6 Nc5 24. Bxg7+ Qxg7 25. Rh6+ Kg8 26.
Qc4+ 1-0

[Event "División  Honor Aragonesa 2018 "]
[Site "Aragon"]
[Date "2018.03.10"]
[Round "7.29"]
[White "Sierra Aguerri, Joaquin"]
[Black "Hinojar Basa, Alfonso"]
[Result "0-1"]
[WhiteElo "2074"]
[BlackElo "2199"]
[PlyCount "42"]
[EventDate "2018.??.??"]
[EventType "tourn"]
[EventRounds "10"]
[EventCountry "ESP"]
[WhiteTeam "Tauste"]
[BlackTeam "Marcos Frechin"]

1. d4 e6 2. Bf4 Nf6 3. e3 c5 4. c3 Nc6 5. Nd2 d5 6. Bd3 Bd6 7. Bxd6 Qxd6 8. f4
cxd4 9. cxd4 Bd7 10. a3 Ne7 11. Qf3 Qb6 12. Rb1 Bb5 13. Qe2 Bxd3 14. Qxd3 Nf5
15. Ne2 O-O 16. O-O Rac8 17. h3 Qa6 18. Qxa6 bxa6 19. Kf2 Rc2 20. Rfd1 h5 21.
Kf3 Rxd2 0-1

[Event "División  Honor Aragonesa 2018 "]
[Site "Aragon"]
[Date "2018.03.10"]
[Round "7.30"]
[White "Sancho Cortes, Miguel Angel"]
[Black "Fernandez Rubio, Rafael"]
[Result "1-0"]
[WhiteElo "2048"]
[BlackElo "2056"]
[PlyCount "53"]
[EventDate "2018.??.??"]
[EventType "tourn"]
[EventRounds "10"]
[EventCountry "ESP"]
[WhiteTeam "Marcos Frechin"]
[BlackTeam "Tauste"]

1. e4 c6 2. d4 d5 3. e5 Bf5 4. Nc3 e6 5. g4 Bg6 6. Nce2 Nd7 7. h4 h5 8. Nf4 Ne7
9. gxh5 Be4 10. Rh3 c5 11. c3 cxd4 12. cxd4 Nc6 13. Bd3 Bb4+ 14. Kf1 Bxd3+ 15.
Qxd3 Qb6 16. Nge2 O-O-O 17. a3 Be7 18. b4 Rdg8 19. Be3 Qd8 20. Rc1 Kb8 21. Bd2
g5 22. hxg6 Rxh4 23. Rxh4 Bxh4 24. gxf7 Rh8 25. b5 Bxf2 26. bxc6 Qg5 27. Ng2
1-0

[Event "División  Honor Aragonesa 2018 "]
[Site "Aragon"]
[Date "2018.03.10"]
[Round "7.31"]
[White "Sancho Casale, Jesus"]
[Black "Ciriano Lamban, Alejandro"]
[Result "0-1"]
[WhiteElo "2005"]
[BlackElo "2073"]
[PlyCount "78"]
[EventDate "2018.??.??"]
[EventType "tourn"]
[EventRounds "10"]
[EventCountry "ESP"]
[WhiteTeam "Tauste"]
[BlackTeam "Marcos Frechin"]

1. b3 e5 2. Bb2 Nc6 3. e3 Nf6 4. Bb5 Bd6 5. Ne2 Ne7 6. d4 e4 7. Nec3 c6 8. Be2
Bc7 9. d5 Nexd5 10. Nxd5 Nxd5 11. Bxg7 Rg8 12. Qd4 Qe7 13. Nd2 f6 14. Nxe4 Rxg7
15. c3 f5 16. Ng3 Be5 17. Qd3 Bxc3+ 18. Kf1 Rxg3 19. hxg3 Bxa1 20. Qxf5 Nf6 21.
Rh4 d5 22. Qg5 Bd7 23. Bh5+ Nxh5 24. Qxh5+ Qf7 25. Qd1 Be5 26. f4 Bf6 27. Rh6
O-O-O 28. Qd3 Bg7 29. Rh4 Bf5 30. Qd1 Qf6 31. Qh5 Bg6 32. Qe2 Qa1+ 33. Kf2 Qb2
34. g4 Qxe2+ 35. Kxe2 Be4 36. f5 h6 37. Kf2 Rd6 38. Kg3 Bf6 39. Rh5 Bg5 0-1

[Event "División  Honor Aragonesa 2018 "]
[Site "Aragon"]
[Date "2018.03.10"]
[Round "7.32"]
[White "Ruiperez Gumiel, Ramon"]
[Black "San Lazaro Lorente, David"]
[Result "1-0"]
[WhiteElo "1845"]
[BlackElo "1846"]
[PlyCount "67"]
[EventDate "2018.??.??"]
[EventType "tourn"]
[EventRounds "10"]
[EventCountry "ESP"]
[WhiteTeam "Marcos Frechin"]
[BlackTeam "Tauste"]

1. e4 d6 2. d4 Nf6 3. Nc3 Nbd7 4. Nf3 e5 5. Bc4 Be7 6. O-O O-O 7. h3 c6 8. a4
a5 9. Qe2 exd4 10. Nxd4 Nc5 11. Nb3 Ncxe4 12. Nxe4 Nxe4 13. Qxe4 d5 14. Bxd5
cxd5 15. Qf3 Bf6 16. Rd1 Be6 17. Nd4 Bxd4 18. Rxd4 Qb6 19. c3 Rac8 20. Qg3 Kh8
21. b4 Rc6 22. Bd2 Rfc8 23. bxa5 Qxa5 24. Rb4 Qa6 25. Re1 Rc4 26. Rxc4 Qxc4 27.
Qe5 Qd3 28. Be3 Qg6 29. Bd4 h5 30. Re3 h4 31. Qf4 Qh7 32. Re5 Rf8 33. Rxe6 Kg8
34. Re5 1-0